ბათუმის შოთა რუსთაველის სახელმწიფო უნივერსიტეტის ბიბლიოთეკა

Сборник упражнений по теории чисел (ბიბ.ჩანაწერი № 39150)

000 -LEADER
fixed length control field 00552nam a2200193Ia 4500
001 - CONTROL NUMBER
control field 5733
003 - CONTROL NUMBER IDENTIFIER
control field GE_BSU
008 - FIXED-LENGTH DATA ELEMENTS--GENERAL INFORMATION
fixed length control field 181216s||||||||xx |||||||||||||| ||und||
040 ## - CATALOGING SOURCE
Transcribing agency GE_BSU
080 ## - UNIVERSAL DECIMAL CLASSIFICATION NUMBER
Universal Decimal Classification number 511(06.1)
100 ## - MAIN ENTRY--PERSONAL NAME
Personal name Грибанов В.У., Титов П.И.
245 ## - TITLE STATEMENT
Title Сборник упражнений по теории чисел
260 ## - PUBLICATION, DISTRIBUTION, ETC.
Place of publication, distribution, etc. Москва
260 ## - PUBLICATION, DISTRIBUTION, ETC.
Name of publisher, distributor, etc. Просвещение
260 ## - PUBLICATION, DISTRIBUTION, ETC.
Date of publication, distribution, etc. 1964
300 ## - PHYSICAL DESCRIPTION
Extent 143с. 20см
653 ## - INDEX TERM--UNCONTROLLED
Uncontrolled term Сборник упражнений по теории чисел
942 ## - ADDED ENTRY ELEMENTS (KOHA)
Koha item type წიგნი
ეგზემპლარები
Withdrawn status Lost status Damaged status Not for loan Date acquired Barcode Date last seen Price effective from Koha item type
        2018-12-17 16789 2018-12-17 2018-12-17 წიგნი